[Event "bom jogo"]
[Site "http://www.queenalice.com/game.php?id=99313"]
[Date "2006.8.25"]
[Round "-"]
[White "epifani"]
[Black "Stauros"]
[Result "0-1"]
[WhiteElo "927"]
[BlackElo "1459"]

1. e4 e5 2. b3 Nf6 3. b4 Nxe4 4. Qf3 Ng5 5. Nh3 Nxf3+ 6. gxf3 Bxb4 7. Bc4 h6 8.
Rg1 Bc5 9. Rxg7 Qh4 10. Bxf7+ Kf8 11. Ba3 d6 12. Nc3 Kxg7 13. Bd5 Bb6 14. Ne4
Na6 0-1

[Event "Amistoso"]
[Site "http://www.queenalice.com/game.php?id=99902"]
[Date "2006.8.27"]
[Round "-"]
[White "Stauros"]
[Black "joubert27"]
[Result "1-0"]
[WhiteElo "1549"]
[BlackElo "1200"]

1. d4 e5 2. dxe5 f6 3. exf6 gxf6 4. e4 Nc6 5. Nh3 d6 6. Bb5 a6 7. Qh5+ Kd7 8.
Qf7+ Be7 9. e5 dxe5 10. O-O Nh6 11. Bxh6 axb5 12. Nf4 exf4 13. Rd1+ Nd4 14.
Rxd4+ Kc6 15. Rxd8 Rxd8 16. Nc3 b4 17. Qxe7 Rd2 18. Qxb4 Rxc2 19. Qb5+ Kd6 20.
Qd5+ Ke7 21. Re1+ Be6 22. Qxe6+ Kd8 23. Qe8# 1-0

[Event "Hello."]
[Site "http://www.queenalice.com/game.php?id=106164"]
[Date "2006.9.15"]
[Round "-"]
[White "prmntgen"]
[Black "Stauros"]
[Result "1-0"]
[WhiteElo "1447"]
[BlackElo "1562"]

1. d4 d5 2. c4 e6 3. Nc3 dxc4 4. e4 Bb4 5. Bd2 Nc6 6. a3 Bxc3 7. Bxc3 Qe7 8.
Bxc4 Bd7 9. Nf3 O-O-O 10. O-O Nf6 11. Re1 Nb8 12. b4 b5 13. Bb3 Bc6 14. e5 Ne4
15. Qc2 g5 16. h3 Rhg8 17. d5 exd5 18. Bd4 g4 19. Nh2 g3 20. Ng4 gxf2+ 21. Nxf2
Nxf2 22. Qxf2 Qe6 23. a4 Na6 24. Bc2 Nxb4 25. Bf5 Nd3 26. Bxe6+ Bd7 27. Bxd7+
Rxd7 28. Qa2 b4 29. Re3 Nf4 30. Kf1 Rxg2 31. Bb2 Rh2 32. Rf3 Nxh3 33. Qb3 Rd8
34. Rxh3 Rd2 35. Qxb4 Rc2 36. Rxh7 Rg8 37. Rxf7 Kd8 38. Qe7+ Kc8 39. Rc1 Kb7 40.
Rxc2 Rb8 41. Qxc7+ 1-0

[Event "Challenge"]
[Site "http://www.queenalice.com/game.php?id=106599"]
[Date "2006.9.16"]
[Round "-"]
[White "PauloH_Colegiao"]
[Black "Stauros"]
[Result "0-1"]
[WhiteElo "1040"]
[BlackElo "1611"]

1. e4 e5 2. Nc3 c6 3. Bc4 Nf6 4. Nf3 Qa5 5. O-O d5 6. Bd3 d4 7. Ne2 Nbd7 8. Ng5
Nc5 9. Bc4 Ne6 10. d3 Nxg5 11. Bd2 Qb6 12. Rb1 h6 13. a4 Qd8 14. c3 Be7 15. Qb3
O-O 16. Rfe1 Be6 17. Bxe6 Nxe6 18. Rbc1 Nc5 0-1

[Event "Jogo 2"]
[Site "http://www.queenalice.com/game.php?id=108009"]
[Date "2006.9.20"]
[Round "-"]
[White "Stauros"]
[Black "Tourniquet"]
[Result "1-0"]
[WhiteElo "1568"]
[BlackElo "1805"]

1. f4 Nf6 2. d4 d5 3. Nc3 e6 4. Nf3 Bb4 5. Ne5 Bxc3+ 6. bxc3 Ne4 7. g3 Nxc3 8.
Qd3 Ne4 9. Ba3 c5 10. Qb5+ Nd7 11. dxc5 a6 12. Qa4 O-O 13. c6 Ndc5 14. Qd4 Qa5+
15. Bb4 Qb5 16. Nd3 Qc4 17. Qxc4 dxc4 18. Nxc5 Nxc5 19. Bxc5 Rd8 20. cxb7 Bxb7
21. Rg1 c3 22. g4 Rd2 23. Rc1 Rad8 24. Rg3 Bc8 25. Rxc3 e5 26. Bb6 Bxg4 27. Bxd8
Rxd8 28. fxe5 h5 29. h4 Rd5 30. e3 Rxe5 31. Bxa6 Ra5 32. Bc4 g6 33. Rb1 Ra7 34.
Bd5 Be6 35. Bxe6 fxe6 36. Rc8+ Kf7 37. c4 Ke7 38. Rd1 Rxa2 39. c5 Ra3 40. Ke2
Ra4 41. c6 Rxh4 42. c7 Rc4 43. Rd3 h4 44. e4 Rxe4+ 45. Kd2 g5 46. Rg8 g4 47.
c8=Q Kf6 48. Qf8+ 1-0

[Event "Challenge"]
[Site "http://www.queenalice.com/game.php?id=108991"]
[Date "2006.9.23"]
[Round "-"]
[White "Stauros"]
[Black "Raiman"]
[Result "0-1"]
[WhiteElo "1506"]
[BlackElo "2056"]

1. e4 e5 2. Nf3 Qe7 3. d4 Nc6 4. Bb5 Nxd4 5. Nxd4 exd4 6. Qxd4 Nf6 7. O-O c6 8.
e5 Nd5 9. b3 Nc7 10. Ba3 Nxb5 11. Qb2 Nxa3 12. Re1 Nxb1 13. Raxb1 Qe6 14. a4 Bc5
15. b4 Bb6 16. Rbc1 a5 17. c3 axb4 0-1

[Event "Navio Xadrez"]
[Site "http://www.queenalice.com/game.php?id=109144"]
[Date "2006.9.23"]
[Round "-"]
[White "Stauros"]
[Black "bruno_santiago"]
[Result "0-1"]
[WhiteElo "1584"]
[BlackElo "2023"]

1. e4 d6 2. Nc3 g6 3. d4 Bg7 4. Nf3 Nf6 5. d5 O-O 6. e5 dxe5 7. Nxe5 Nxd5 8.
Qxd5 Qxd5 9. Nxd5 Bxe5 10. f4 Bd6 11. b3 c6 12. Ne3 Bxf4 13. Ng4 Bxc1 14. Nf6+
exf6 15. Rxc1 Bf5 16. Be2 Nd7 17. O-O Nc5 18. b4 Ne6 19. c3 Kg7 20. c4 Ng5 21.
c5 Ne4 22. h4 Ng3 23. Rf2 Nxe2+ 24. Rxe2 Rfe8 25. Rce1 Rxe2 26. Rxe2 Rd8 27. a4
Rd4 28. Rb2 Rxh4 29. a5 Rg4 30. b5 cxb5 31. Rxb5 Be4 32. Kf2 Bxg2 33. Ke2 Bc6
34. Rb3 Ra4 0-1

[Event "Let's Play Chess!"]
[Site "http://www.queenalice.com/game.php?id=113278"]
[Date "2006.10.5"]
[Round "-"]
[White "Stauros"]
[Black "smith_d"]
[Result "1-0"]
[WhiteElo "1559"]
[BlackElo "1284"]

1. e4 e5 2. Nf3 Nf6 3. Nc3 Nc6 4. Bb5 Bb4 5. Bxc6 Bxc3 6. dxc3 bxc6 7. Nxe5 d6
8. Nxc6 Nxe4 9. Nxd8 O-O 10. Nc6 Ba6 11. Qd4 Nc5 12. Bh6 Rfe8+ 13. Kd2 Re2+ 14.
Kd1 f6 15. Qd5+ Kf8 16. Qd4 Ne4 17. Kc1 gxh6 18. f3 Re8 19. fxe4 R8xe4 20. Qxf6+
Kg8 21. b3 Bc8 22. Nd4 Rxg2 23. Rf1 Be6 24. Qf8# 1-0

[Event "AUTO-OPEN-412"]
[Site "http://www.queenalice.com/game.php?id=114329"]
[Date "2006.10.7"]
[Round "1"]
[White "regivaldo"]
[Black "Stauros"]
[Result "1-0"]
[WhiteElo "1643"]
[BlackElo "1606"]

1. e4 e5 2. Nf3 d5 3. d3 Be6 4. Nxe5 d4 5. Qf3 g6 6. g3 h5 7. Bh3 f5 8. Nxg6 Rh7
9. O-O Be7 10. exf5 Bd5 11. Qe2 Nc6 12. f6 Nxf6 13. Bg5 Ng8 14. Bf5 Rg7 15. h4
Qd6 16. Qxh5 Nf6 17. Qh8+ Rg8 18. Qh6 Be6 19. Bf4 Qd5 20. Nxe7 Nxe7 21. Qxf6
Bxf5 22. Re1 O-O-O 23. Rxe7 Bh3 24. Rxc7+ 1-0

[Event "AUTO-OPEN-412"]
[Site "http://www.queenalice.com/game.php?id=114330"]
[Date "2006.10.7"]
[Round "1"]
[White "Stauros"]
[Black "regivaldo"]
[Result "0-1"]
[WhiteElo "1584"]
[BlackElo "1669"]

1. e4 e5 2. Nf3 Nc6 3. d4 d6 4. dxe5 dxe5 5. Qxd8+ Nxd8 6. Nxe5 Nf6 7. Bd3 Bc5
8. h3 Ne6 9. c3 O-O 10. b4 Bd6 11. Nc4 Bf4 12. Nba3 Rd8 13. Bxf4 Nxf4 14. Ne5
Nxd3+ 15. Nxd3 Rxd3 16. Nb5 Ne8 17. O-O a6 18. Nd4 Rxc3 19. Rfd1 Be6 20. Ne2 Rc2
21. Nd4 Rb2 22. a3 Nf6 23. Re1 Rd8 24. Rad1 Ra8 25. Nxe6 fxe6 26. g4 g5 27. e5
Nd5 28. Rd3 Nf4 29. Rd7 Nxh3+ 30. Kg2 Nxf2 0-1

[Event "AUTO-OPEN-412"]
[Site "http://www.queenalice.com/game.php?id=114357"]
[Date "2006.10.7"]
[Round "1"]
[White "Stauros"]
[Black "CapivaraChess"]
[Result "0-1"]
[WhiteElo "1588"]
[BlackElo "1903"]

1. e4 c5 2. d3 e6 3. Bf4 Nf6 4. Nc3 Nc6 5. Nb5 Qa5+ 6. Nc3 d5 7. Bd2 Qb6 8. Na4
Qd8 9. Nf3 dxe4 10. dxe4 Nxe4 11. Qe2 Nxd2 12. Nxd2 Nd4 13. Qd3 e5 14. O-O-O Bf5
15. Qe3 Bxc2 16. Qxe5+ Qe7 17. Bb5+ Nxb5 18. Rde1 O-O-O 19. Kxc2 Qd7 20. Rd1
Qd3+ 21. Kc1 Nd4 22. Qe4 Ne2+ 23. Qxe2 Qxe2 0-1

[Event "AUTO-OPEN-412"]
[Site "http://www.queenalice.com/game.php?id=114358"]
[Date "2006.10.7"]
[Round "1"]
[White "CapivaraChess"]
[Black "Stauros"]
[Result "1-0"]
[WhiteElo "1880"]
[BlackElo "1613"]

1. Nf3 d5 2. g3 Nc6 3. d4 Bf5 4. Bg2 e6 5. O-O h6 6. c4 Qd7 7. cxd5 exd5 8. Nc3
f6 9. Nh4 Nge7 10. Nxf5 Nxf5 11. Nxd5 Nfxd4 12. Bf4 Bd6 13. Bxd6 Qxd6 14. e3 Nf5
15. Qh5+ Kf8 16. Qxf5 Nb4 17. Nxb4 Qxb4 18. Rad1 Qxb2 19. Rd7 Qc3 20. Qg6 1-0

[Event "AUTO-OPEN-412"]
[Site "http://www.queenalice.com/game.php?id=114359"]
[Date "2006.10.7"]
[Round "1"]
[White "Stauros"]
[Black "Danado"]
[Result "1-0"]
[WhiteElo "1506"]
[BlackElo "1450"]

1. d4 d5 2. g3 Nc6 3. Bg2 Nf6 4. Nf3 e6 5. e3 Ne4 6. Ne5 Nxe5 7. dxe5 f6 8. c4
dxc4 9. Bxe4 Qxd1+ 10. Kxd1 fxe5 11. Nd2 c6 12. Nxc4 b5 13. Nxe5 Bd6 14. Nxc6
Bb7 15. f3 Rc8 16. Nxa7 Rb8 17. Nxb5 Bxe4 18. Nxd6+ 1-0

[Event "AUTO-OPEN-412"]
[Site "http://www.queenalice.com/game.php?id=114360"]
[Date "2006.10.7"]
[Round "1"]
[White "Danado"]
[Black "Stauros"]
[Result "0-1"]
[WhiteElo "1450"]
[BlackElo "1535"]

1. e3 e5 2. Nc3 d5 3. Nf3 Bg4 4. h3 Bxf3 5. Qxf3 e4 6. Nxe4 dxe4 7. Qxe4+ Be7 8.
Qxb7 Nd7 9. b3 Ngf6 10. g3 Rb8 11. Qxa7 O-O 12. Qa5 Ne4 13. Bd3 Ndf6 14. Bxe4
Nxe4 15. Bb2 Bb4 16. Qxb4 Rxb4 17. d3 Nxf2 18. Kxf2 Rb5 19. Kg2 f5 20. a4 Rc5
21. Rhc1 Qd5+ 22. Kf2 g5 23. Ba3 f4 24. Bxc5 Qxc5 25. gxf4 gxf4 26. d4 fxe3+ 27.
Kxe3 Qe7+ 28. Kd3 Rf3+ 29. Kc4 Qe6+ 30. d5 Qe4+ 31. Kb5 Qxd5+ 32. Ka6 Qc6+ 33.
Ka5 Qb6# 0-1

[Event "AUTO-OPEN-1342"]
[Site "http://www.queenalice.com/game.php?id=496090"]
[Date "2008.11.20"]
[Round "1"]
[White "Jajer"]
[Black "Stauros"]
[Result "1-0"]
[WhiteElo "1631"]
[BlackElo "1567"]

1. g3 e5 2. Bg2 Nf6 3. e4 c5 4. c4 b6 5. d3 Nc6 6. Bg5 Be7 7. Nf3 b5 8. cxb5 Nb4
9. Nxe5 Qa5 10. Nc3 d6 11. Nc4 Qc7 12. Bxf6 Bxf6 13. Nd5 1-0

[Event "AUTO-OPEN-1342"]
[Site "http://www.queenalice.com/game.php?id=496091"]
[Date "2008.11.20"]
[Round "1"]
[White "Stauros"]
[Black "Jajer"]
[Result "0-1"]
[WhiteElo "1554"]
[BlackElo "1644"]

1. e4 c5 2. Qf3 e5 3. Bc4 Nf6 4. Nh3 g6 5. Ng5 Bg7 6. Nxf7 Qe7 7. Nxh8 Bxh8 8.
O-O a6 9. Nc3 Nc6 10. Nd5 Nxd5 11. Bxd5 Nd4 12. Qh3 d6 0-1

[Event "AUTO-OPEN-1342"]
[Site "http://www.queenalice.com/game.php?id=496124"]
[Date "2008.11.20"]
[Round "1"]
[White "Tourniquet"]
[Black "Stauros"]
[Result "1-0"]
[WhiteElo "1794"]
[BlackElo "1536"]

1. e4 d5 2. exd5 Qxd5 3. Nc3 Qe5+ 4. Be2 Nc6 5. Nf3 Qf5 6. O-O e6 7. Nh4 Qg5 8.
Nf3 Qg4 9. Ne5 Qf5 10. Nxc6 bxc6 11. Bd3 Qf6 12. Ne4 Qd8 13. b3 1-0

[Event "AUTO-OPEN-1342"]
[Site "http://www.queenalice.com/game.php?id=496125"]
[Date "2008.11.20"]
[Round "1"]
[White "Stauros"]
[Black "Tourniquet"]
[Result "0-1"]
[WhiteElo "1542"]
[BlackElo "1788"]

1. e4 e5 2. Nf3 Nc6 3. d4 exd4 4. Nxd4 Bb4+ 5. c3 Qf6 6. Nb5 Bd6 7. Nxd6+ Qxd6
8. Qxd6 cxd6 9. Bb5 Nf6 10. Nd2 a6 11. Bxc6 dxc6 12. Nc4 Nxe4 0-1

[Event "Chess"]
[Site "http://www.queenalice.com/game.php?id=500208"]
[Date "2008.11.29"]
[Round "-"]
[White "Stauros"]
[Black "petri"]
[Result "0-1"]
[WhiteElo "1530"]
[BlackElo "2163"]

1. e4 c5 2. c4 Nc6 3. Nc3 g6 4. d3 Bg7 5. Qa4 d6 6. Be2 Bd7 7. Qb3 Nd4 8. Qxb7
Nc2+ 9. Kf1 Nxa1 10. Nd5 Rb8 11. Qxa7 Bxb2 12. Nc7+ Kf8 0-1

[Event "Challenge"]
[Site "http://www.queenalice.com/game.php?id=500212"]
[Date "2008.11.29"]
[Round "-"]
[White "Joe_Boyd"]
[Black "Stauros"]
[Result "1-0"]
[WhiteElo "1906"]
[BlackElo "1570"]

1. e4 e5 2. f4 Nc6 3. d4 Nxd4 4. Nf3 Bc5 5. Bc4 Nf6 6. c3 Nxf3+ 7. Qxf3 exf4 8.
Bxf4 Qe7 9. Nd2 O-O 10. O-O-O d6 11. h3 c6 12. g4 d5 13. exd5 cxd5 14. Bxd5 1-0